[Event "Ibiza Eivissa op 8th"]
[Site "Eivissa"]
[Date "2019.07.07"]
[Round "1"]
[White "Roig Roig, Pau"]
[Black "Valero Jimenez, Jose Manuel"]
[Result "1-0"]
[WhiteElo "1126"]
[BlackElo "1474"]
[PlyCount "83"]
[EventDate "2019.07.07"]
[EventType "swiss"]
[EventRounds "7"]
[EventCountry "ESP"]
[SourceTitle "EXT 2020"]
[Source "ChessBase"]
[SourceDate "2019.10.17"]
[SourceVersion "1"]
[SourceVersionDate "2019.10.17"]
[SourceQuality "1"]

1. e4 e5 2. Nf3 Nc6 3. d4 exd4 4. Nxd4 Bc5 5. Nb3 Bb6 6. Nc3 a6 7. Qf3 Nf6 8. Bg5 0-0 9. Nd5 Nd4 10. Nxf6+ gxf6 11. Qc3 Nxc2+ 12. Qxc2 fxg5 13. h4 gxh4 14. Qe2 d6 15. Qh5 f5 16. Rxh4 Rf7 17. Bc4 d5 18. Bxd5 Qf8 19. Bxf7+ Qxf7 20. Qxf7+ Kxf7 21. Rf4 Kf6 22. exf5 Bd7 23. 0-0-0 Bc6 24. g3 Re8 25. Kb1 Re2 26. Nd4 Bxd4 27. Rdxd4 Re1+ 28. Kc2 Re2+ 29. Kc3 b5 30. a3 a5 31. b4 a4 32. Rd2 Re1 33. g4 Kg5 34. Rdd4 Re2 35. f6 Re8 36. Rf5+ Kg6 37. f7 Rf8 38. Rc5 Bg2 39. Rxc7 Rxf7 40. Rd6+ Kg7 41. Rxf7+ Kxf7 42. Kd4 1-0

[Event "Ibiza-ch"]
[Site "Eivissa"]
[Date "2016.11.27"]
[Round "7"]
[White "Valero Jimenez, Jose Manuel"]
[Black "Riera Torres, Diana"]
[Result "1-0"]
[WhiteElo "1477"]
[BlackElo "1686"]
[PlyCount "35"]
[EventDate "2016.11.06"]
[EventType "swiss"]
[EventRounds "7"]
[EventCountry "ESP"]
[SourceTitle "EXT 2018"]
[Source "ChessBase"]
[SourceDate "2017.10.13"]
[SourceVersion "1"]
[SourceVersionDate "2017.10.13"]
[SourceQuality "1"]

1. e4 c6 2. d4 d5 3. e5 Bf5 4. Bd3 Bxd3 5. Qxd3 e6 6. Nf3 Qa5+ 7. c3 c5 8. 0-0 c4 9. Qe3 Ne7 10. Nh4 Nd7 11. Nd2 b5 12. f4 g6 13. Qg3 Rc8 14. Ndf3 Bg7 15. Ng5 0-0 16. Qh3 h6 17. Nxe6 Rfe8 18. Nxg7 1-0

[Event "Ibiza Eivissa op 5th"]
[Site "Eivissa"]
[Date "2016.04.17"]
[Round "5"]
[White "Valero Jimenez, Jose Manuel"]
[Black "Angola Canchimbo, Elmer"]
[Result "0-1"]
[WhiteElo "1477"]
[BlackElo "1588"]
[PlyCount "92"]
[EventDate "2016.04.03"]
[EventType "swiss"]
[EventRounds "7"]
[EventCountry "ESP"]
[SourceTitle "EXT 2024"]
[Source "ChessBase"]
[SourceDate "2023.10.10"]
[SourceVersion "1"]
[SourceVersionDate "2023.10.10"]
[SourceQuality "1"]

1. d4 d5 2. c4 Nf6 3. cxd5 Nxd5 4. e4 Nb6 5. a4 e5 6. a5 Bb4+ 7. Nc3 Bxc3+ 8. bxc3 N6d7 9. Ba3 Nc6 10. Qg4 Qf6 11. Bb2 exd4 12. cxd4 Nxd4 13. Bd3 Ne5 14. Qg3 Nxd3+ 15. Qxd3 Nf3+ 16. Nxf3 Qxb2 17. 0-0 0-0 18. Rfb1 Qf6 19. e5 Qf4 20. Qc3 c6 21. a6 bxa6 22. Qxc6 Bf5 23. Re1 Bd3 24. Rad1 Bb5 25. Qd5 Qg4 26. Re4 Qe6 27. Qd2 Bc6 28. Nd4 Qg6 29. Nxc6 Qxe4 30. Ne7+ Kh8 31. f4 Rfe8 32. Re1 Rad8 33. Qc1 Qd4+ 34. Kf1 Rxe7 35. Qa3 Qd3+ 36. Qxd3 Rxd3 37. Ke2 Rb3 38. Rc1 g6 39. g4 a5 40. h4 a4 41. f5 gxf5 42. gxf5 Rxe5+ 43. Kd2 Rxf5 44. Ke1 Rb2 45. Ra1 Ra5 46. h5 Rh2 0-1